000 00512nam a2200181Ia 4500
003 GCL
008 140319s9999 xx 000 0 ara d
040 _aGCL /
_cGCL
082 0 4 _a843.03
_bر س
100 1 _aعبدالرزاق جعفر
245 1 0 _aسادة الندى /
_cعبدالرزاق جعفر
700 1 _aرومان، جاك
300 _a200 ص
490 _a
650 0 4 _aالادب الفرنسى المترجم
650 0 4 _aالقصة الفرنسية المترجمة
942 _2ddc
_cBK
999 _c40070
_d40070